=LDR 00000nam 2200000 4500 =001 INLIS000000000016277 =005 20130612111540 =008 ***********************************Ind** =035 ##$$0010-061300000016277 =041 ##$$a Ind =082 ##$$a 372.832 =090 ##$$a 372.832, Pen p =245 ##$$a Pendidikan pancasila dan kewarganegaraan untuk SD, program pendidikan dasar kurikulum 1994, =260 ##$$aceditor, Arief Muzakir =300 ##$$a 1995 $b Semarang =650 ##$$a ...jil., ilus, 28 cm =650 ##$$a Pendidikan dasar =700 ##$$a Pancasila =850 ##$$a Muzakir, Arief